|
|
|
|
| LEADER |
00796nas a2200193 i 4500 |
| 001 |
acta42702 |
| 005 |
20260224081030.0 |
| 008 |
170509s2000 hu o 000 hun d |
| 022 |
|
|
|a 1417-3875
|
| 040 |
|
|
|a SZTE Egyetemi Kiadványok Repozitórium
|b hun
|
| 041 |
|
|
|a hun
|
| 100 |
1 |
|
|a Graef John R.
|
| 245 |
1 |
3 |
|a On the oscillation of impulsively damped halflinear oscillators
|h [elektronikus dokumentum] /
|c Graef John R.
|
| 260 |
|
|
|c 2000
|
| 300 |
|
|
|a 1-12
|
| 490 |
0 |
|
|a Electronic journal of qualitative theory of differential equations : proceedings of the colloquium on the qualitative theory of differential equations
|v 6 No. 14
|
| 695 |
|
|
|a Differenciálegyenlet
|
| 700 |
0 |
1 |
|a Karsai János
|e aut
|
| 856 |
4 |
0 |
|u http://acta.bibl.u-szeged.hu/42702/1/ejqtde_006_qtde_2000_014_001-012.pdf
|z Dokumentum-elérés
|